Classement UFC Middleweight Homme - Statistiques

Statistiques générales
  • Ce quiz a été pris 327 fois
    26 depuis la dernière actualisation
  • Le résultat moyen est 10 sur 16
Statistiques - réponses
Classement Nationalité Combattants % Correct
# 1 🇿🇦 Dricus Du Plessis
100%
CHAMPION 🇸🇪/🇷🇺 Khamzat Chimaev
100%
# 3 🇺🇲 Sean Strickland
91%
# 2 🇨🇵 Nassourdine Imavov
87%
# 6 🇳🇬 Israel Adesanya
83%
# 8 🇳🇱 Reinier De Ridder
74%
# 5 🇺🇲 Brendan Allen
61%
# 7 🇧🇷 Caio Borralho
61%
# 14 🇮🇹 Marvin Vettori
61%
# 4 🇺🇲 Anthony Hernandez
57%
# 13 🇧🇷 Paulo Costa
48%
# 9 🇦🇺 Robert Whittaker
48%
# 10 (ex æquo) 🇺🇲 Jared Cannonier
43%
# 10 (ex æquo) 🏴󠁧󠁢󠁥󠁮󠁧󠁿 Michael Page
43%
# 12 🇬🇪 Roman Dolidze
43%
# 15 🇧🇷 Gregory Rodrigues
17%
Aucun quiz correspondant
Distribution des résultats
% des personnes avec chaque résultat
Percentile par nombre de réponses
Votre historique - résultats
Vous n’avez pas pris ce quiz depuis la dernière actualisation